Normal view MARC view
  • Simons, Helen

Entry Nombre Personal

Number of records used in: 4

001 - NUMERO DE CONTROL

  • campo de control: 38053

003 - IDENTIFICADOR DE NUMERO DE CONTROL

  • campo de control: UPN

005 - FECHA Y HORA DE LA ÜLTIMA TRANSACCIÓN

  • campo de control: 20210219194531.0

008 - DATOS DE LONGITUD FIJA

  • campo de control de longitud fija: nabaccnnaabn|||||||||| b |nc|||||d

035 ## - NUMERO DE CONTROL

  • Número de control: UPN11000010160

040 ## - FUENTE DE CATALOGACIÓN

  • Lenguaje de catalogación: SPA
  • Agencia de transcripción: UPN

100 1# - ENCABEZAMIENTO - NOMBRE PERSONAL

  • Nombre personal: Simons, Helen

670 ## - FUENTE EN LA QUE SE LOCALIZARON DATOS

  • Cita de la fuente: T
  • Información localizada: http://www.edmorata.es/autor/simons-helen

680 ## - NOTA PUBLICA DE ACCESO PÚBLICO

  • Frase explicativa de la referencia: Catedrática de Currículum Studies en la Universidad de Southamptom, Reino Unido. Nacida y educada en Nueva Zelanda, trabajó como psicóloga escolar en Australia antes de emigrar al Reino Unido en 1970. Desde entonces, se ha especializado en el campo de la evaluación, tanto en calidad de evaluadora como en la de formadora de profesorado. - See more at:

902 ## - CATALOGADOR

  • Catalogador: EMR/021215